00330pam a2200145a 44500008004100000020000900041041001200050082000900062100001900071245003200090250000600122260003900128300000800167650000900175230515b1998 xxu||||| |||| 00| 0 eng d aNULL aENGLISH aN.D. aW.A.J. Chapman aWorkshop Technology Vol- II a0 aNULLbViva Book Printed Ltd.c1998 a399 aNULL